00727 a2200181 4500010001400000020002600014035001300040037001600053082001100069245011600080260005100196270008000247300002800327500005000355650007300405700003900478700002800517 aENG-89170 a9788178297477c460.00 aEN-72703 bDBAD / PUB14a658.161 aMergers, acquisitions and corporate restructuring /cedited by Chandrashekar Krishnamurti [and] Vishwanath S.R. aNew DelhibResponse (Sage Publications)c2008 aB1/11, Mohan Cooperative Industrial Area, Mathura RoadbNew Delhie110 044 axix, 410p.c22cm (pbk) aIncludes bibliographical references and index aConsolidation and merger of corporations.xCorporate reorganizations aKrishnamurti, Chandrashekard1956- aVishwanath, S.R.d1971-